000 00256nam a2200109Ia 4500
008 190907s9999||||xx |||||||||||||| ||und||
100 _aDavid M. Pozar
245 0 _aMicrowave Engineering
260 _aNew Delhi
_bAddison
_c1998
300 _a716
942 _cBK
999 _c6601
_d6601